| 000 | 00787nam a2200253Ia 4500 | ||
|---|---|---|---|
| 003 | OSt | ||
| 005 | 20220918171206.0 | ||
| 006 | a|||||r|||| 00| 0 | ||
| 007 | ta | ||
| 008 | 220917b |||||||| |||| 00| 0 eng d | ||
| 020 |
_a9781405183765 (hbk) _c4210.55 |
||
| 024 | _a243,409 | ||
| 037 |
_b5820, 18/08/2010, Efficient Book Distributors _cTextual |
||
| 040 |
_aARTS _cARTS _beng |
||
| 041 |
_2eng _aeng |
||
| 082 | _aO111:g, Q0 | ||
| 100 |
_aWhitla William _934665 |
||
| 245 | 0 |
_aEnglish handbook _bA guide to literary studies |
|
| 260 |
_aMalden _bWiley Blackwell _c2010 |
||
| 300 |
_axiii,343p _ccm. |
||
| 650 | _aENGLISH LITERATURE | ||
| 942 |
_hO111:g, Q0 _cTEXL _2CC |
||
| 999 |
_c138249 _d138249 |
||